000 00493nam a2200157 4500
001 145043
003 ES-MaACL
005 20230906201143.0
007 t|
008 070214s1961 sp r ||||1| spa d
100 1 _aSollube, I. de.
_9107231
245 1 0 _aDescripción gráfica de la costa vasca
_b: (130 fotografías y 6 mapas) /
_cI. de Sollube.
260 _aZarauz :
_bIcharopena,
_c[1961]
300 _a104 p., 34 lám. :
_bfot., map. ;
_c18 cm.
852 _aES-MaACL
_jC-26944
_bR.55033
999 _c145043
_d145043